[Event "Oberfranken-ch"]
[Site "Kronach"]
[Date "2023.11.02"]
[Round "1"]
[White "Wunder, Horst"]
[Black "Leiss, Nicolas"]
[Result "1-0"]
[WhiteElo "2087"]
[BlackElo "1672"]
[PlyCount "39"]
[EventDate "2023.11.02"]
[EventType "swiss"]
[EventRounds "7"]
[EventCountry "GER"]
[SourceTitle "CB46_2023"]
[SourceDate "2023.11.15"]
[SourceVersion "1"]
[SourceVersionDate "2023.11.15"]
[SourceQuality "1"]

1. c4 e5 2. g3 Nf6 3. Bg2 Bc5 4. Nc3 0-0 5. e3 Re8 6. Nge2 d6 7. 0-0 Nc6 8. h3 a5 9. d4 exd4 10. exd4 Bb6 11. Be3 Bd7 12. Qd2 Qc8 13. Kh2 Ne7 14. Bg5 Ng6 15. Bxf6 gxf6 16. Nd5 Qd8 17. Nef4 c6 18. Nh5 Kh8 19. Ndxf6 Re6 20. Qh6 1-0

[Event "Landesliga U20 Nord 1718"]
[Site "Bayern"]
[Date "2018.01.27"]
[Round "4.3"]
[White "Leiss, Nicolas"]
[Black "Stohl, Tristan"]
[Result "1-0"]
[WhiteElo "1419"]
[BlackElo "1613"]
[PlyCount "33"]
[EventDate "2017.11.18"]
[EventType "team-tourn"]
[EventRounds "7"]
[EventCountry "GER"]
[SourceTitle "EXT 2022"]
[Source "ChessBase"]
[SourceDate "2021.10.06"]
[SourceVersion "1"]
[SourceVersionDate "2021.10.06"]
[SourceQuality "1"]
[WhiteTeam "Hoechstadt SC U20"]
[BlackTeam "Fuerth SG U20"]
[WhiteTeamCountry "GER"]
[BlackTeamCountry "GER"]

1. e4 c5 2. Nf3 Nc6 3. d4 cxd4 4. Nxd4 Nf6 5. Nc3 e6 6. a3 Bc5 7. Nxc6 bxc6 8. b4 Bb6 9. Bg5 h6 10. Bh4 a5 11. Be2 Ba6 12. 0-0 g5 13. Bg3 h5 14. Bd6 h4 15. e5 Nd5 16. Ne4 f5 17. Bh5+ 1-0

[Event "Bayernliga U20 1516"]
[Site "Bayern"]
[Date "2016.02.27"]
[Round "6.6"]
[White "Leiss, Nicolas"]
[Black "Kocak, Ediz"]
[Result "0-1"]
[WhiteElo "1288"]
[BlackElo "1746"]
[PlyCount "48"]
[EventDate "2015.11.21"]
[EventType "team-tourn"]
[EventRounds "7"]
[EventCountry "GER"]
[SourceTitle "EXT 2022"]
[Source "ChessBase"]
[SourceDate "2021.10.06"]
[SourceVersion "1"]
[SourceVersionDate "2021.10.06"]
[SourceQuality "1"]
[WhiteTeam "Hoechstadt SC U20"]
[BlackTeam "Nuernberg Sued SW U20"]
[WhiteTeamCountry "GER"]
[BlackTeamCountry "GER"]

1. e4 c6 2. d4 d5 3. exd5 cxd5 4. c4 Nf6 5. Nc3 Nc6 6. Nf3 Bg4 7. Be2 e6 8. 0-0 Be7 9. Bf4 0-0 10. cxd5 Nxd5 11. Nxd5 Qxd5 12. Be3 Bf6 13. Re1 Rfd8 14. h3 Bh5 15. b3 Rac8 16. Rc1 Qd6 17. Qd3 a6 18. Red1 Nb4 19. Qd2 Nd5 20. Rc5 Bg6 21. Bc4 Nxe3 22. Qxe3 Rxc5 23. Rd2 Rcc8 24. Qc3 b5 0-1